[Event "Tal Memorial Tournament, Riga LAT"]
[Site "?"]
[Date "1995.??.??"]
[Round "?"]
[White "Ivanchuk, Vassily"]
[Black "Vaganian, Rafael A"]
[Result "1/2-1/2"]
[WhiteElo "2700"]
[BlackElo "2640"]
[PlyCount "20"]
[EventDate "1995.??.??"]
[Source "www.chesslib.no"]
[SourceDate "2004.05.04"]

1. e4 e6 2. d4 d5 3. Nc3 Bb4 4. e5 b6 5. Bc4 Qh4 6. b3 Bb7 7. Qd2 Ba5 8. Qd3 c5 9. a4 Qf4 10. Qf3 Qxf3 1/2-1/2

[Event "New York 72/290"]
[Site "?"]
[Date "1998.??.??"]
[Round "?"]
[White "Atalik, Suat"]
[Black "Gurevich, Mikhail"]
[Result "1/2-1/2"]
[WhiteElo "2595"]
[BlackElo "2635"]
[PlyCount "103"]
[EventDate "1998.??.??"]
[Source "ChessBase"]
[SourceDate "1998.02.01"]

1. e4 e6 2. d4 d5 3. Nc3 Bb4 4. e5 b6 5. a3 Bf8 6. Nf3 Qd7 7. Bb5 c6 8. Ba4 Ba6 9. Ne2 Bb5 10. Bb3 c5 11. c3 Nc6 12. O-O Nge7 13. Re1 Bxe2 14. Rxe2 c4 15. Bc2 b5 16. Re3 h6 17. Nd2 Nc8 18. Qg4 Nb6 19. Rf3 Qe7 20. a4 h5 21. Qg3 bxa4 22. h4 Qd7 23. Rf4 Ne7 24. Qf3 Nc6 25. Qg3 Ne7 26. Qf3 Nc6 27. Rxa4 g6 28. Ra1 Bh6 29. Rf6 Bg7 30. b3 cxb3 31. Nxb3 Bxf6 32. Nc5 Qd8 33. exf6 Nd7 34. Nxe6 fxe6 35. Bxg6+ Kf8 36. Ba3+ Kg8 37. Qg3 Qxf6 38. Re1 Qg7 39. Rxe6 Rc8 40. Qd6 Rh6 41. Bc1 Kh8 42. Bxh6 Qxh6 43. Be8 Qc1+ 44. Kh2 Nce5 45. Rh6+ Kg7 46. Rg6+ Kh8 47. dxe5 Qf4+ 48. Rg3 Nxe5 49. Kh3 Qf5+ 50. Kh2 Qf4 51. Kh3 Qf5+ 52. Kh2 1/2-1/2

[Event "Espana"]
[Site "?"]
[Date "2004.??.??"]
[Round "?"]
[White "Carlsen, M."]
[Black "Gurevich, M."]
[Result "1/2-1/2"]
[WhiteElo "2580"]
[BlackElo "2640"]
[PlyCount "87"]
[EventDate "2004.??.??"]
[Source "Chess Informant"]
[SourceDate "2004.10.01"]

1. e4 e6 2. d4 d5 3. Nc3 Bb4 4. e5 b6 5. a3 Bf8 6. Nf3 a5 7. Bb5+ c6 8. Ba4 Ba6 9. Ne2 Bxe2 10. Qxe2 b5 11. Bb3 a4 12. Ba2 Nd7 13. c3 Nb6 14. Bb1 Nc4 15. Ng5 g6 16. Qf3 Qe7 17. Qg3 Kd7 18. h4 h5 19. Nh3 Nh6 20. Bg5 Qe8 21. Ra2 Be7 22. Nf4 Kc7 23. Nd3 Nf5 24. Qf4 Kb6 25. Rh3 Qd8 26. Nc5 Qc7 27. Bxe7 Qxe7 28. Bd3 Rhg8 29. Kf1 Rg7 30. Kg1 Kc7 31. Kf1 g5 32. hxg5 Rxg5 33. Be2 Rag8 34. Bf3 Rg4 35. Bxg4 Rxg4 36. Qc1 Rh4 37. Rxh4 Qxh4 38. Kg1 Qg4 39. Nd3 Nh4 40. Ne1 Qe2 41. Nc2 Qg4 42. Ne1 Qe2 43. Nc2 Qg4 44. Ne1 1/2-1/2

[Event "Corr"]
[Site "?"]
[Date "1999.06.30"]
[Round "?"]
[White "Sevecek Rudolf"]
[Black "Rittner Horst Robert (GER)"]
[Result "0-1"]
[WhiteElo "2602"]
[BlackElo "2601"]
[PlyCount "82"]
[EventDate "1999.??.??"]
[Source "www.chesslib.no"]
[SourceDate "2004.05.04"]

1. e4 e6 2. d4 d5 3. Nc3 Bb4 4. e5 Ne7 5. g3 Bxc3+ 6. bxc3 c5 7. Qg4 O-O 8. Bd3 f5 9. exf6 Rxf6 10. Qh5 h6 11. g4 Nbc6 12. g5 g6 13. Qd1 Rf7 14. gxh6 e5 15. dxc5 e4 16. Bf1 Qa5 17. Qd2 Qxc5 18. Rb1 Ne5 19. h3 Qc7 20. c4 Be6 21. Bb2 dxc4 22. Bg2 Nd5 23. Bd4 Nf3+ 24. Bxf3 exf3 25. Qg5 Kh7 26. Qe5 Qxe5+ 27. Bxe5 c3 28. Kd1 Kxh6 29. Kc1 Bd7 30. Rxb7 Re8 31. Nxf3 Rxf3 32. Bg7+ Kxg7 33. Rxd7+ Ne7 34. Rxa7 Rxf2 35. Rc7 Rf3 36. Rb7 Kh6 37. Kb1 Nf5 38. Rb6 Re2 39. a4 Rff2 40. Rc1 Ne3 41. Rg1 Rxc2 0-1

[Event "Schweiz 85/279"]
[Site "?"]
[Date "2002.??.??"]
[Round "?"]
[White "Sokolov, And"]
[Black "Bauer, Ch"]
[Result "1/2-1/2"]
[WhiteElo "2587"]
[BlackElo "2550"]
[PlyCount "54"]
[EventDate "2002.??.??"]
[Source "Chess Informant"]
[SourceDate "2002.06.01"]

1. e4 e6 2. d4 d5 3. Nc3 Bb4 4. e5 Ne7 5. a3 Bxc3+ 6. bxc3 b6 7. Qg4 Ng6 8. h4 h5 9. Qd1 Ba6 10. Bxa6 Nxa6 11. Bg5 f6 12. Qd3 Kf7 13. Nf3 Nb8 14. O-O Nc6 15. Rfe1 Qd7 16. Re3 Rae8 17. Rae1 Re7 18. Nd2 fxg5 19. Rf3+ Kg8 20. Qxg6 g4 21. Rf4 Rf7 22. Rxf7 Qxf7 23. Qd3 Ne7 24. Nf1 Nf5 25. c4 c6 26. cxd5 cxd5 27. c4 dxc4 1/2-1/2

[Event "USSR"]
[Site "?"]
[Date "1976.??.??"]
[Round "?"]
[White "Cseshkovsky, V."]
[Black "Petrosian, T."]
[Result "0-1"]
[WhiteElo "2560"]
[BlackElo "2560"]
[PlyCount "60"]
[EventDate "1976.??.??"]
[Source "www.chesslib.no"]
[SourceDate "2004.05.04"]

1. e4 e6 2. d4 d5 3. Nc3 Bb4 4. e5 b6 5. Bd2 Ne7 6. Qg4 Nf5 7. Nf3 Ba6 8. Bxa6 Nxa6 9. Qf4 c5 10. dxc5 bxc5 11. g4 Ne7 12. h4 O-O 13. h5 f5 14. exf6 Rxf6 15. Qg3 Nc6 16. O-O-O Qc7 17. Ng5 Qxg3 18. fxg3 Nd4 19. Bf4 Bxc3 20. bxc3 Ne2+ 21. Kd2 Nxf4 22. gxf4 Nc7 23. Nh3 Rb8 24. Rb1 Rff8 25. a4 h6 26. Rhg1 Kf7 27. g5 hxg5 28. fxg5 Rxb1 29. Rxb1 Ke7 30. Ke2 e5 0-1

[Event "Paris"]
[Site "?"]
[Date "1963.??.??"]
[Round "?"]
[White "Mazzoni, G."]
[Black "O'Kelly, A."]
[Result "0-1"]
[WhiteElo "2560"]
[BlackElo "2560"]
[PlyCount "72"]
[EventDate "1963.??.??"]
[Source "www.chesslib.no"]
[SourceDate "2004.05.04"]

1. e4 e6 2. d4 d5 3. Nc3 Bb4 4. e5 Ne7 5. a3 Bxc3+ 6. bxc3 b6 7. Qg4 Ng6 8. h4 h5 9. Qg3 Ba6 10. Bxa6 Nxa6 11. a4 Qd7 12. Ne2 Nb8 13. Nf4 Nxf4 14. Bxf4 Kf8 15. Bc1 Nc6 16. Rh3 Kg8 17. Qf3 Ne7 18. g4 hxg4 19. Qxg4 Nf5 20. h5 Kh7 21. Bd2 Rac8 22. Ke2 c5 23. Rg1 cxd4 24. Rhg3 Rhg8 25. Qg6+ Kh8 26. Qg5 Qd8 27. Qg4 Qc7 28. h6 Qxe5+ 29. Kd1 Nxg3 30. Rxg3 gxh6 31. Qh4 Rxg3 32. fxg3 Qf5 33. Qxh6+ Kg8 34. cxd4 Qxc2+ 35. Ke1 Qg6 36. Qf4 Qe4+ 0-1